[Event "CHN-ch U16 Girls"]
[Site "Shenzhen"]
[Date "2023.08.02"]
[Round "11"]
[White "Wang, Shunshun"]
[Black "Yu, Yuexi"]
[Result "0-1"]
[WhiteElo "1457"]
[BlackElo "1676"]
[PlyCount "72"]
[EventDate "2023.07.28"]
[EventType "swiss"]
[EventRounds "11"]
[EventCountry "CHN"]
[SourceTitle "CBM 215 Extra"]
[Source "ChessBase"]
[SourceDate "2023.09.30"]
[SourceVersion "1"]
[SourceVersionDate "2023.09.30"]
[SourceQuality "1"]

1. d4 Nf6 2. c4 g6 3. Nf3 Bg7 4. Nc3 d5 5. cxd5 Nxd5 6. e4 Nxc3 7. bxc3 c5 8. Rb1 0-0 9. Be3 Nc6 10. Qd2 cxd4 11. cxd4 Bg4 12. Be2 Bxf3 13. Bxf3 Nxd4 14. Bxd4 Bxd4 15. Rxb7 Qc8 16. Rb3 Qc5 17. 0-0 Rac8 18. Qb4 Rfd8 19. a3 Qxb4 20. axb4 Rc2 21. Rbb1 Bb6 22. b5 Kg7 23. h3 Kf6 24. Kh2 Bxf2 25. Rb3 Ke5 26. Rfb1 h5 27. Ra3 h4 28. Ra5 Bb6 29. Ra3 Rdd2 30. Kh1 e6 31. Kh2 f5 32. exf5 gxf5 33. Bc6 Kf6 34. Rf1 Kg5 35. Re1 e5 36. Kh1 e4 0-1

[Event "Wch U12 Girls"]
[Site "Weifang"]
[Date "2019.??.??"]
[Round "?"]
[White "Savitha Shri, B."]
[Black "Wang, Shunshun"]
[Result "1/2-1/2"]
[WhiteElo "2010"]
[BlackElo "1366"]
[PlyCount "197"]
[EventDate "2019.08.21"]
[EventType "swiss"]
[EventRounds "11"]
[EventCountry "CHN"]
[SourceTitle "EXT 2020"]
[Source "ChessBase"]
[SourceDate "2019.10.17"]
[SourceVersion "1"]
[SourceVersionDate "2019.10.17"]
[SourceQuality "1"]

1. Nf3 d5 2. g3 Nf6 3. Bg2 e6 4. 0-0 Nbd7 5. d3 h6 6. Nbd2 c6 7. e4 Qc7 8. Qe2 dxe4 9. dxe4 Be7 10. b3 0-0 11. Bb2 b6 12. e5 Nh7 13. Ne4 Nc5 14. Nd4 Bb7 15. Nd2 Nd7 16. Rfe1 c5 17. Nb5 Qb8 18. f3 a6 19. Na3 b5 20. c4 b4 21. Nc2 Rd8 22. h4 a5 23. a4 Qc7 24. Bh3 Ndf8 25. Ne3 Ng6 26. f4 Bxh4 27. Kh2 Be7 28. Rad1 Rd7 29. Rf1 Ngf8 30. Bg4 Rad8 31. Rf2 Rd3 32. Nd5 R3xd5 33. cxd5 exd5 34. Nf1 c4 35. Ne3 c3 36. Bc1 Bc5 37. Rff1 Ne6 38. Nc2 Qb6 39. Bf5 Nhf8 40. Bd3 Nd4 41. Nxd4 Bxd4 42. Qg4 Bc8 43. Qf3 Ne6 44. Bc2 Ba6 45. Bd3 Bb7 46. Qg4 Nc5 47. Bc2 Ba6 48. Rh1 Ne4 49. Qh4 Re8 50. Rhe1 Bf2 51. Rxe4 dxe4 52. Bxe4 Bb7 53. Rd6 Bg1+ 54. Kh3 Qc7 55. Bd3 Bc8+ 56. f5 Qb7 57. Be4 Qc7 58. Bf4 c2 59. Rc6 Qd8 60. Qxd8 Rxd8 61. Rxc2 g6 62. g4 g5 63. Bg3 Ba6 64. Kg2 Bd4 65. Rc6 Bb7 66. Rg6+ fxg6 67. Bxb7 gxf5 68. gxf5 Re8 69. Bd5+ Kf8 70. Be6 h5 71. Kf3 Bc5 72. Bd7 Re7 73. e6 Rh7 74. f6 g4+ 75. Kg2 h4 76. Bf2 Bd6 77. e7+ Bxe7 78. fxe7+ Kxe7 79. Bxg4 Rh6 80. Kh3 Kd8 81. Bxh4+ Kc7 82. Be2 Re6 83. Bc4 Rg6 84. Bg3+ Kc6 85. Kg2 Rg4 86. Kf3 Rd4 87. Ke3 Rd1 88. Be5 Re1+ 89. Kd4 Rd1+ 90. Bd3 Kb6 91. Kc4 Rc1+ 92. Kd5 Rc5+ 93. Ke4 Rc1 94. Bf6 Kc7 95. Kd4 Rc6 96. Bg5 Rd6+ 97. Kc4 Kb6 98. Be3+ Ka6 99. Bf5 1/2-1/2

[Event "CHN-chT (Women)"]
[Site "Hangzhou"]
[Date "2018.06.24"]
[Round "8.7"]
[White "Li, Yunshan"]
[Black "Wang, Shunshun"]
[Result "1-0"]
[WhiteElo "2130"]
[BlackElo "1385"]
[PlyCount "71"]
[EventDate "2018.06.19"]
[EventType "team-swiss"]
[EventRounds "9"]
[EventCountry "CHN"]
[SourceTitle "CBM 185 Extra"]
[Source "ChessBase"]
[SourceDate "2018.07.29"]
[SourceVersion "1"]
[SourceVersionDate "2018.07.29"]
[SourceQuality "1"]
[WhiteTeam "Chengdu (W)"]
[BlackTeam "Qingdao (W)"]
[WhiteTeamCountry "CHN"]
[BlackTeamCountry "CHN"]

1. d4 d5 2. c4 e6 3. Nf3 Nf6 4. g3 c6 5. Bg2 Nbd7 6. Qc2 Bd6 7. 0-0 0-0 8. Nbd2 Qc7 9. e4 dxe4 10. Nxe4 Nxe4 11. Qxe4 Nf6 12. Qe2 h6 13. b3 b6 14. Bb2 Nd7 15. Rac1 Ba6 16. Rfd1 Rad8 17. Qe1 Rfe8 18. Qc3 Nf6 19. Ne5 Bb7 20. Qf3 Rc8 21. Ng4 Nxg4 22. Qxg4 Bf8 23. d5 Rcd8 24. Bf6 Rd7 25. Re1 Kh8 26. dxe6 Rxe6 27. Rxe6 fxe6 28. Bc3 Qd6 29. Qg6 e5 30. Qf5 Qe7 31. Be4 Kg8 32. Qh7+ Kf7 33. Bg6+ Kf6 34. Bf5 Kf7 35. Qg6+ Kg8 36. Qe6+ 1-0

[Event "Zibo zt 3.5 (Women)"]
[Site "Zibo"]
[Date "2017.08.11"]
[Round "7"]
[White "Wang, Shunshun"]
[Black "Ha, Yihan"]
[Result "1/2-1/2"]
[WhiteElo "1437"]
[BlackElo "1538"]
[PlyCount "136"]
[EventDate "2017.08.07"]
[EventType "swiss"]
[EventRounds "11"]
[EventCountry "CHN"]
[SourceTitle "CBM 179 Extra"]
[Source "ChessBase"]
[SourceDate "2017.08.23"]
[SourceVersion "1"]
[SourceVersionDate "2017.08.23"]
[SourceQuality "1"]

1. c4 e6 2. Nf3 Nf6 3. g3 d5 4. d4 Bb4+ 5. Bd2 Be7 6. Bg2 0-0 7. 0-0 Nbd7 8. Nc3 c5 9. cxd5 exd5 10. e3 c4 11. Qc2 Bb4 12. a3 Bxc3 13. Bxc3 Ne4 14. Bb4 Re8 15. Nd2 Ndf6 16. Nxe4 Nxe4 17. Rac1 a5 18. Bc3 Bf5 19. Qd1 b5 20. Re1 Qb6 21. f3 Nd6 22. Qd2 Bd3 23. Bf1 Bxf1 24. Kxf1 f5 25. Kg2 Reb8 26. Qc2 b4 27. axb4 axb4 28. Bd2 Ra2 29. Ra1 b3 30. Qc1 Rba8 31. Rb1 R8a4 32. Bc3 Qa6 33. Rf1 Nb5 34. Kg1 Nxc3 35. Qxc3 Ra1 36. Qc1 Rxb1 37. Qxb1 Qf6 38. Kg2 Ra2 39. Kg1 g6 40. Qc1 Qc6 41. Qc3 Ra8 42. Rc1 Qb5 43. Kf1 Qa5 44. Qxa5 Rxa5 45. Ke1 Ra2 46. Rb1 Kf7 47. Kd2 Ke6 48. Kc3 Ra4 49. Re1 Kd6 50. e4 fxe4 51. fxe4 dxe4 52. Rxe4 Ra2 53. Re5 Kd7 54. Rc5 Ra1 55. Kxc4 Rh1 56. Kxb3 Rxh2 57. Rc2 Rh1 58. Kc4 h5 59. b4 g5 60. Rf2 h4 61. gxh4 gxh4 62. Rf5 h3 63. Rh5 h2 64. Kd5 Rb1 65. Rxh2 Rxb4 66. Rh7+ Kd8 67. Ke5 Rb6 68. d5 Ra6 1/2-1/2

[Event "Zibo zt 3.5 (Women)"]
[Site "Zibo"]
[Date "2017.08.09"]
[Round "4"]
[White "Wang, Shunshun"]
[Black "Zhang, Jing B"]
[Result "0-1"]
[WhiteElo "1437"]
[BlackElo "1553"]
[PlyCount "90"]
[EventDate "2017.08.07"]
[EventType "swiss"]
[EventRounds "11"]
[EventCountry "CHN"]
[SourceTitle "CBM 179 Extra"]
[Source "ChessBase"]
[SourceDate "2017.08.23"]
[SourceVersion "1"]
[SourceVersionDate "2017.08.23"]
[SourceQuality "1"]

1. c4 c5 2. Nc3 Nf6 3. g3 d6 4. Bg2 Nc6 5. e4 g6 6. Nge2 Bg7 7. d3 0-0 8. h3 Bd7 9. 0-0 Qc8 10. Kh2 Ne8 11. f4 f5 12. Rb1 e5 13. Nd5 Nc7 14. Ne3 exf4 15. gxf4 Ne7 16. Ng3 Ne6 17. Nc2 Bh6 18. exf5 Nxf5 19. Ne2 Nh4 20. Ne1 Ng7 21. Ng1 Nh5 22. Bd5+ Be6 23. Bxe6+ Qxe6 24. Ne2 Rae8 25. Rf2 g5 26. Ng2 Kh8 27. Nxh4 gxh4 28. Qf1 Rg8 29. Qd1 Ng3 30. Ng1 Ref8 31. Bd2 Bg7 32. Nf3 Nf5 33. Ng5 Qe7 34. Re2 Qd7 35. b4 b6 36. Re1 Bf6 37. Ne4 Bg7 38. Bc3 Bxc3 39. Nxc3 Ng3 40. Qf3 Qg7 41. Nd5 Re8 42. bxc5 Rxe1 43. Rxe1 Qb2+ 44. Qg2 Nf1+ 45. Rxf1 Qxg2# 0-1

[Event "CHN-chB (Women)"]
[Site "Qinhuangdao"]
[Date "2017.07.16"]
[Round "1"]
[White "Liu, Manli"]
[Black "Wang, Shunshun"]
[Result "1/2-1/2"]
[WhiteElo "2190"]
[BlackElo "1460"]
[PlyCount "99"]
[EventDate "2017.07.16"]
[EventType "swiss"]
[EventRounds "11"]
[EventCountry "CHN"]
[SourceTitle "CBM 179 Extra"]
[Source "ChessBase"]
[SourceDate "2017.08.23"]
[SourceVersion "1"]
[SourceVersionDate "2017.08.23"]
[SourceQuality "1"]

1. e4 c5 2. Nf3 d6 3. d4 cxd4 4. Nxd4 Nf6 5. Nc3 a6 6. f4 Qc7 7. Be2 b5 8. Bf3 Bb7 9. a3 Nbd7 10. 0-0 e6 11. Kh1 Be7 12. Qe1 0-0 13. Qg3 Kh8 14. Re1 Rg8 15. e5 dxe5 16. fxe5 Ne8 17. Bf4 Bxf3 18. Qxf3 Rc8 19. Re3 Bc5 20. Rd1 Qb6 21. Red3 f6 22. exf6 Ndxf6 23. Qh3 Bxd4 24. Rxd4 Rc4 25. Be5 Rxd4 26. Bxd4 Qc6 27. Qh4 Rf8 28. Be5 Qc4 29. Qxc4 bxc4 30. h3 Rf7 31. Rd8 Re7 32. Rc8 Kg8 33. Rxc4 Kf7 34. Kg1 Nd5 35. Kf2 Nef6 36. Bxf6 Nxf6 37. Rc6 Ra7 38. b4 Nd7 39. Ne4 h6 40. Nd6+ Kf8 41. c4 Ne5 42. Rc8+ Ke7 43. c5 Kd7 44. Ke3 Nc4+ 45. Nxc4 Kxc8 46. Nd6+ Kd7 47. Kd4 Ra8 48. a4 Rf8 49. b5 axb5 50. axb5 1/2-1/2